Score 0/16 Timer 03:00
2 Plays Today
Hint Answer % Correct
CFOEFE or EATCoffee or Tea
99.5%
HEICCKN or EBEFChicken or Beef
97.9%
UOPS or LAADSSoup or Salad
97.7%
KILM and COKOIESMilk and Cookies
96.9%
ERBE or EWNIBeer or Wine
96.1%
EURRBG and FIRESBurger and Fries
95.7%
TICSBUIS and VARGYBiscuits and Gravy
92%
CERMA and AUGRSCream and Sugar
89.2%
Hint Answer % Correct
OSTAT and LJLYEToast and Jelly
88.4%
ILO and GAINERVOil and Vinegar
88.1%
HCPIS and LASSAChips and Salsa
87%
RADBE and ETRUTBBread and Butter
86.4%
SANEB and KARNSFBeans and Franks
68.2%
MANIACOR and ESEEHCMacaroni and Cheese
62%
KATSE and SEORTBLSteak and Lobster
33%
BRASSREWRITE and CACHETOOLStrawberries and Chocolate
12%

You're not logged in!

Compare scores with friends on all Sporcle quizzes.
OR
Log In

Sporcle TV

Today on Sporcle TV


Watch our educational content, quiz creation guides, and fun videos on Sporcle TV.

Show Comments

Extras

Top Quizzes Today


Score Distribution

Your Account Isn't Verified!

In order to create a playlist on Sporcle, you need to verify the email address you used during registration. Go to your Sporcle Settings to finish the process.

Report this User

Report this user for behavior that violates our Community Guidelines.

Details: